El mago de Oz / (Registro nro. 7491)

Detalles MARC
000 -LIDER
fixed length control field 01067nam a2200301 a 4500
001 - NÚMERO DE CONTROL
Identificador de número de control 000005349
003 - IDENTIFICACDOR DE NÚMERO DE CONTROL
control field DO-SdBNP
005 - DATE AND TIME OF LATEST TRANSACTION
control field 20180402131741.0
007 - CAMPOS FIJOS DE DESCRIPCIÓN FÍSICA
fixed length control field 000005349
008 - ELEMENTOS DE LONGITUD FIJA
fixed length control field 090819s2006 dr a 000 0 spa d
020 ## - ISBN
International Standard Book Number 9945406450
040 ## - FUENTE DE CATALOGACIÓN
Agencia que crea de manera original el registro BPMSU
Idioma de catalogación spa
Agencia que realiza la transcripción BPMSU
092 ## - LOCALLY ASSIGNED DEWEY DECIMAL CALL NUMBER
Número de clasificación 813
Número de ítem (Cutter) B347m
100 1# - ASIENTO PRINCIPAL -- NOMBRE PERSONAL
Nombre personal Baum, Lyman Frank,
Fechas asociadas con el nombre 1856-1919
245 13 - MENCIÓN DE TITULO
Título El mago de Oz /
Mención de responsabilidad Lyman Frank Baum ; versión María Isabel Plaz-Power ; ilustraciones Claudia Celis
260 ## - PUBLICACIÓN, DISTRIBUCIÓN, ETC. (PIE DE IMPRENTA)
Lugar de publicación, distribución, etc Santo Domingo :
Nombre del editor, distribuidor, etc. Tobogán-Panapo,
-- Alfa & Omega
Fecha de publicación, distribución, etc 2006
300 ## - DESCRIPCIÓN FÍSICA
Extensión 111 p. :
Otros detalles físicos il.;
Dimensiones 23 cm.
490 1# - MENCIÓN DE SERIES
Mención de serie Clásicos Universales Tobogán
500 ## - NOTA GENERAL
Nota general La biblioteca posee la edición del 1994
650 #4 - ENCABEZAMIENTO DE MATERIA--TEMÁTICO
Término temático o nombre geográfico como elemento de entrada CUENTOS INFANTILES ESTADOUNIDENSE
650 #4 - ENCABEZAMIENTO DE MATERIA--TEMÁTICO
Término temático o nombre geográfico como elemento de entrada LITERATURA INFANTIL ESTADOUNIDENSE
700 1# - ASIENTO SECUNDARIO -- NOMBRE PERSONAL
Nombre personal Celis, Claudia,
Mención de responsabilidad il.
700 1# - ASIENTO SECUNDARIO -- NOMBRE PERSONAL
Nombre personal Plaza-Power, María Isabel,
Mención de responsabilidad versión
830 #0 - ASIENTO SECUNDARIO DE SERIE--TÍTULO UNIFORME
Título uniforme Clásicos universales Tobogán
942 ## - ADDED ENTRY ELEMENTS (KOHA)
Source of classification or shelving scheme Dewey Decimal Classification
Koha item type Libros
945 ## - INFORMACIÓN DE PROCESAMIENTO LOCAL
Información de procesamiento local Inventariado / 2018 VM
956 ## - LOCAL ELECTRONIC LOCATION AND ACCESS (OCLC)
Nombre de host VMATEO
Número de acceso 10
Información de compresión 20150904
Inicio de sesión BPMSU
Procesador de solicitud 00151
Existencias
Withdrawn status Lost status Source of classification or shelving scheme Damaged status Not for loan Collection code Home library Current library Date acquired Source of acquisition Total Checkouts Full call number Barcode Date last seen Price effective from Koha item type Copy number
    Dewey Decimal Classification     Colección Infantil Dominicana Biblioteca Pública Metropolitana Salomé Ureña Biblioteca Pública Metropolitana Salomé Ureña 02/24/2015 Donación   813 B347m BPMSU15040133 02/24/2015 02/24/2015 Libros  
    Dewey Decimal Classification     Colección Infantil Dominicana Biblioteca Pública Metropolitana Salomé Ureña Biblioteca Pública Metropolitana Salomé Ureña 02/24/2015 Donación   813 B347m BPMSU15040134 02/24/2015 02/24/2015 Libros e. 2
    Dewey Decimal Classification     Colección Juvenil Dominicana Biblioteca Pública Metropolitana Salomé Ureña Biblioteca Pública Metropolitana Salomé Ureña 02/24/2015 Donación   813 B347m BPMSU15040135 02/24/2015 02/24/2015 Libros e. 3